| 000 | 00856nam a2200241 i 4500 | ||
|---|---|---|---|
| 001 | 18044 | ||
| 003 | ES-MaACL | ||
| 005 | 20230906151739.0 | ||
| 007 | t| | ||
| 008 | 010824s2000 sp ||||1| spa d | ||
| 020 | _a84-7785-370-3 | ||
| 080 | _a398.332(460)"17" | ||
| 080 | _a394.4(460)"17" | ||
| 245 | 0 | 0 |
_aEspaña festejante _b: el siglo XVIII / _cMargarita Torrione (ed.). |
| 260 |
_a[Málaga] : _bServicio de Publicaciones, Centro de Ediciones de la Diputación de Málaga, _c2000. |
||
| 300 |
_a559 p. : _bil. col. y n. ; _c29 cm. |
||
| 650 | 4 |
_aFiestas- _zEspaña- _yS.XVIII. _912780 |
|
| 650 | 1 | 4 |
_aFiestas reales- _zEspaña- _yS.XVIII. _912787 |
| 651 | 4 |
_aEspaña- _xUsos y costumbres- _yS.XVIII. _98525 |
|
| 700 | 1 |
_aTorrione, Margarita. _9111048 |
|
| 710 | 1 |
_aMálaga (Provincia). _bDiputación Provincial. _95636 |
|
| 852 | 4 |
_aES-MaACL _jL-24917 |
|
| 999 |
_c18044 _d18044 |
||